Handbook of Econometrica

Na minha lista:
Detalhes bibliográficos
Outros Autores: Grilicher, Zvi, Intriligator, Michael D.
Formato: Livro
Idioma:inglês
Publicado em: Amsterdam Nort-Holland 1986
Edição:1. vyd.
Tags: Adicionar Tag
Sem tags, seja o primeiro a adicionar uma tag!

MARC

LEADER 00000nam a2200000 4500
001 c027331
005 20221220071605.8
041 0 |a eng 
044 |a NL 
245 1 0 |a Handbook of Econometrica  |c Edit. Zvi Grilicher, Michael D. Intriligator 
250 |a 1. vyd. 
264 1 |a Amsterdam  |b Nort-Holland  |c 1986 
300 |a S. 1466-2107 
700 1 |a Grilicher, Zvi 
700 1 |a Intriligator, Michael D.